Statistics for All 10 Countries Who have Ever Won the Euros

Click here to take the quiz!

General Stats

  • This quiz has been taken 151 times
    (146 since last reset)
  • The average score is 9 of 10

Answer Stats

HintAnswer% Correct
T-1 (3)Spain
97%
T-1 (3)West Germany/Germany
97%
T-3 (2)France
96%
T-3 (2)Italy
96%
T-5 (1)Portugal
95%
T-5 (1)Greece
90%
T-5 (1)Netherlands
88%
T-5 (1)Denmark
82%
T-5 (1)Soviet Union
70%
T-5 (1)Czechoslovakia
59%

Score Distribution

Percentile by Number Answered

Percent of People with Each Score

Your Score History

You have not taken this quiz since the last reset